[Event "20PCR_F"]
[Site "?"]
[Date "2009.??.??"]
[Round "?"]
[White "Benes, Jiri"]
[Black "Goc, Pavel"]
[Result "1-0"]
[WhiteElo "2040"]
[BlackElo "2012"]
[PlyCount "67"]
[EventDate "2009.??.??"]
[EventType "corr"]
[EventRounds "1"]
[SourceDate "2010.08.23"]

1. e4 e5 2. Nf3 Nc6 3. Bb5 a6 4. Ba4 Nf6 5. O-O b5 6. Bb3 Bb7 7. Nc3 Be7 8. d3
d6 9. a4 b4 10. Ne2 Na5 11. Ba2 c5 12. Ng3 O-O 13. Nf5 Bc8 14. Ne3 Bd7 15. Re1
Qe8 16. Nh4 Nxe4 17. dxe4 Bxh4 18. Qxd6 Nb7 19. Qd3 Bxa4 20. Nf5 Bb5 21. c4
bxc3 22. Qxc3 Bf6 23. Qg3 Kh8 24. Bg5 Bxg5 25. Qxg5 Rg8 26. Re3 f6 27. Qh4 Bd7
28. Bd5 Ra7 29. Rd3 Bxf5 30. exf5 h6 31. Bxg8 Qxg8 32. Rd7 a5 33. Qg4 c4 34.
Ra3 1-0

[Event "20PCR_F"]
[Site "?"]
[Date "2009.??.??"]
[Round "?"]
[White "Svoboda, Josef"]
[Black "Benes, Jiri"]
[Result "0-1"]
[WhiteElo "1940"]
[BlackElo "2040"]
[PlyCount "40"]
[EventDate "2009.??.??"]
[EventType "corr"]
[EventRounds "1"]
[SourceDate "2010.08.23"]

1. d4 d5 2. c4 e6 3. Nc3 Nf6 4. Bg5 Be7 5. e3 O-O 6. Nf3 Nc6 7. cxd5 exd5 8.
Qb3 Be6 9. Qxb7 Nb4 10. Rc1 Rb8 11. Qxa7 Bf5 12. Bxf6 gxf6 13. Qa4 Nc2+ 14.
Rxc2 Rb4 15. Qc6 Bxc2 16. b3 Rb6 17. Qxd5 Bb4 18. Qc4 Qa8 19. a4 Rfb8 20. d5
Bxc3+ 0-1

[Event "20PCR_F"]
[Site "?"]
[Date "2009.??.??"]
[Round "?"]
[White "Slavik, Miroslav"]
[Black "Kyzlink, Vladimir"]
[Result "1-0"]
[WhiteElo "2274"]
[BlackElo "2058"]
[PlyCount "65"]
[EventDate "2009.??.??"]
[EventType "corr"]
[EventRounds "1"]
[SourceDate "2010.08.23"]

1. d4 Nf6 2. c4 c5 3. Nf3 cxd4 4. Nxd4 e6 5. Nc3 Bb4 6. Ndb5 d5 7. Bf4 Na6 8.
a3 Be7 9. e3 O-O 10. Rc1 Re8 11. cxd5 exd5 12. Be2 Be6 13. b4 Qd7 14. O-O Rec8
15. Be5 Ne4 16. Qd4 Nxc3 17. Nxc3 f6 18. Bg3 Bd8 19. Bf3 Bb6 20. Qd3 Rd8 21.
Rfd1 Rac8 22. Qb1 d4 23. b5 Nb8 24. exd4 Bg4 25. Bxg4 Qxg4 26. h3 Qd7 27. a4
Qf7 28. Ne4 Rxc1 29. Rxc1 Bxd4 30. Rd1 Qd5 31. Bc7 Rc8 32. Bf4 Rd8 33. Kh1 1-0

[Event "20PCR_F"]
[Site "?"]
[Date "2009.??.??"]
[Round "?"]
[White "Chvojka, Jaroslav"]
[Black "Sindelar, Frantisek"]
[Result "1-0"]
[WhiteElo "2231"]
[BlackElo "2077"]
[PlyCount "59"]
[EventDate "2009.??.??"]
[EventType "corr"]
[EventRounds "1"]
[SourceDate "2010.08.23"]

1. d4 Nf6 2. c4 g6 3. Nc3 d5 4. cxd5 Nxd5 5. Nf3 Bg7 6. e4 Nxc3 7. bxc3 c5 8.
Be2 O-O 9. O-O cxd4 10. cxd4 Nc6 11. Be3 Bg4 12. d5 Nb4 13. Nd4 Bxe2 14. Qxe2
Rc8 15. Rab1 Qa5 16. Qd2 Rc4 17. Rbc1 Rxc1 18. Rxc1 Qa4 19. Rc7 Rb8 20. h3 Na6
21. Rc1 Nb4 22. Rc4 a5 23. Qc1 Qd7 24. Qa3 b5 25. Rc5 e5 26. Nb3 Na6 27. Rc6
Nb4 28. Rc3 Qd8 29. Nc5 Ra8 30. Qb3 1-0

[Event "20PCR_F"]
[Site "?"]
[Date "2009.??.??"]
[Round "?"]
[White "Trs, Jan"]
[Black "Ryska, Jiri"]
[Result "0-1"]
[WhiteElo "2162"]
[BlackElo "2104"]
[PlyCount "134"]
[EventDate "2009.??.??"]
[EventType "corr"]
[EventRounds "1"]
[SourceDate "2010.08.23"]

1. c4 e5 2. Nc3 Nf6 3. Nf3 Nc6 4. g3 d5 5. cxd5 Nxd5 6. Bg2 Nxc3 7. bxc3 Be7 8.
O-O O-O 9. Qc2 f5 10. d4 e4 11. Qb3+ Rf7 12. Ne5 Nxe5 13. dxe5 Qe8 14. Be3 Qc6
15. Rfd1 Be6 16. Qc2 Bb4 17. Rac1 Bc5 18. Bd4 a6 19. g4 Re8 20. Rd2 Be7 21. c4
Ba3 22. Rb1 b6 23. gxf5 Bxf5 24. Qb3 Be7 25. e3 Qg6 26. Kh1 Ref8 27. Qc2 Qc6
28. a4 Kh8 29. Kg1 h6 30. Kh1 Bg6 31. Bh3 Bh5 32. Bg2 Rf3 33. Qa2 Qg6 34. Qc2
c5 35. Bc3 Bh4 36. Rf1 Bg4 37. a5 Qh5 38. Kg1 Qf5 39. e6 Qxe6 40. Kh1 bxa5 41.
Bxa5 Bh3 42. Bxf3 Bxf1 43. Qxe4 Qxe4 44. Bxe4 Bxf2 45. Bc3 Bxc4 46. Rd7 Bf7 47.
Bd2 Kg8 48. Ra7 Bh4 49. Rxa6 Bg5 50. Kg2 Re8 51. Bc6 Rb8 52. Kf2 Rf8 53. Ra8
Rxa8 54. Bxa8 Bf6 55. e4 g5 56. Ba5 Be5 57. h3 Kg7 58. Bd5 Bxd5 59. exd5 Kg6
60. Bd8 Bf4 61. Ke2 c4 62. Bb6 Kf5 63. Bc5 h5 64. d6 Ke6 65. Bb4 Bxd6 66. Be1
Kf5 67. Bd2 Be5 0-1

[Event "20PCR_F"]
[Site "?"]
[Date "2009.??.??"]
[Round "?"]
[White "Fejfar, Vlastimil"]
[Black "Jurci, Peter"]
[Result "0-1"]
[WhiteElo "2133"]
[BlackElo "2119"]
[PlyCount "138"]
[EventDate "2009.??.??"]
[EventType "corr"]
[EventRounds "1"]
[SourceDate "2010.08.23"]

1. e4 e6 2. d4 d5 3. e5 c5 4. c3 Nc6 5. Nf3 Qb6 6. a3 c4 7. Nbd2 Na5 8. Be2 Bd7
9. Rb1 Ne7 10. O-O Qc7 11. Re1 Nc8 12. Nf1 Nb6 13. Bg5 h6 14. Bh4 Ba4 15. Qd2
g5 16. Bg3 O-O-O 17. h3 Be7 18. N1h2 Nd7 19. Ng4 Nb3 20. Qe3 Qb6 21. Bd1 Rdf8
22. Ngh2 Rfg8 23. Nd2 Nxd2 24. Qxd2 Bxd1 25. Rbxd1 h5 26. f3 Qc7 27. Qc2 Rg6
28. a4 Rhg8 29. Rb1 Nb8 30. b3 cxb3 31. Rxb3 Nc6 32. Rb2 Na5 33. Reb1 b6 34.
Qd3 Qc4 35. Qd1 Kd7 36. Re2 Qc6 37. Bf2 Nc4 38. Qb3 Rc8 39. Nf1 Na5 40. Qd1 g4
41. fxg4 hxg4 42. h4 Nc4 43. g3 Rcg8 44. Re1 f5 45. exf6 Rxf6 46. Nh2 Rfg6 47.
h5 Rg5 48. h6 R5g6 49. Qe2 Bd6 50. a5 Nxa5 51. h7 Rh8 52. Qe3 Rg7 53. Qe2 Bb8
54. Nxg4 Nc4 55. Kg2 Ke7 56. Qf3 Rf7 57. Qd3 Rhxh7 58. Rh1 Rhg7 59. Qe2 Bc7 60.
Rh6 Qd6 61. Rg1 a5 62. Kh3 Rh7 63. Be3 Rxh6+ 64. Nxh6 Rf8 65. Bf4 Qd7 66. Bxc7
Qxc7 67. Re1 Qd7 68. Kg2 Kd6 69. g4 a4 0-1

[Event "20PCR_F"]
[Site "?"]
[Date "2009.??.??"]
[Round "?"]
[White "Houdek, Vladimir"]
[Black "Urban, Miroslav"]
[Result "0-1"]
[WhiteElo "2131"]
[BlackElo "2122"]
[PlyCount "80"]
[EventDate "2009.??.??"]
[EventType "corr"]
[EventRounds "1"]
[SourceDate "2010.08.23"]

1. Nf3 d5 2. b3 Nf6 3. Bb2 c5 4. e3 Nc6 5. Bb5 Bf5 6. d3 e6 7. Nbd2 Qb6 8.
Bxc6+ Qxc6 9. Ne5 Qc7 10. g4 Bg6 11. h4 d4 12. Ndf3 h5 13. Nxg6 fxg6 14. gxh5
gxh5 15. Qe2 O-O-O 16. O-O-O e5 17. c3 Bd6 18. Kb1 dxe3 19. Ng5 exf2 20. Ne6
Qd7 21. Nxd8 Ng4 22. Nxb7 Qxb7 23. Bc1 Rf8 24. Bg5 Bc7 25. Kc1 Bd8 26. Bxd8
Rxd8 27. Kb2 Kb8 28. Rhf1 Qf7 29. Rd2 Qf6 30. Qe4 Rf8 31. Qh7 Qf7 32. Re2 g6
33. Qxf7 Rxf7 34. Kc2 Kc7 35. Kd2 Kd6 36. Kc2 Rf8 37. Kd2 Ke6 38. a3 Rf4 39. b4
c4 40. dxc4 Rxc4 0-1

[Event "20PCR_F"]
[Site "?"]
[Date "2009.??.??"]
[Round "?"]
[White "Jurci, Peter"]
[Black "Houdek, Vladimir"]
[Result "1/2-1/2"]
[WhiteElo "2119"]
[BlackElo "2131"]
[PlyCount "50"]
[EventDate "2009.??.??"]
[EventType "corr"]
[EventRounds "1"]
[SourceDate "2010.08.23"]

1. d4 d5 2. c4 dxc4 3. Nf3 Nf6 4. e3 e6 5. Bxc4 c5 6. O-O a6 7. Bb3 Nc6 8. Qe2
cxd4 9. Rd1 Be7 10. exd4 Na5 11. Bc2 b5 12. Bg5 Bb7 13. Nc3 O-O 14. Ne5 Rc8 15.
Rac1 Nc6 16. Nxc6 Bxc6 17. Qd3 g6 18. Bb3 Re8 19. Qe2 Bb7 20. a3 Nh5 21. Be3
Bd6 22. d5 exd5 23. Qf3 Nf6 24. Bg5 Be7 25. h3 Qb6 1/2-1/2

[Event "20PCR_F"]
[Site "?"]
[Date "2009.??.??"]
[Round "?"]
[White "Ryska, Jiri"]
[Black "Fejfar, Vlastimil"]
[Result "1/2-1/2"]
[WhiteElo "2104"]
[BlackElo "2133"]
[PlyCount "59"]
[EventDate "2009.??.??"]
[EventType "corr"]
[EventRounds "1"]
[SourceDate "2010.08.23"]

1. Nf3 Nf6 2. d4 d5 3. Bf4 c5 4. e3 Nc6 5. dxc5 e6 6. Bd3 Bxc5 7. Nc3 O-O 8.
O-O Re8 9. Bg5 h6 10. Bh4 g5 11. Bg3 Nh5 12. Nd2 Nxg3 13. hxg3 Qf6 14. a3 Ne5
15. Qh5 Bd7 16. Nf3 Nxf3+ 17. gxf3 Rac8 18. Kg2 Bc6 19. Rh1 d4 20. Ne4 Bxe4 21.
fxe4 dxe3 22. f4 gxf4 23. gxf4 e5 24. Qxh6 Qxh6 25. Rxh6 exf4 26. Kf3 Bd4 27.
Rg1+ Kf8 28. c3 Be5 29. Bb5 Re7 30. Rh5 1/2-1/2

[Event "20PCR_F"]
[Site "?"]
[Date "2009.??.??"]
[Round "?"]
[White "Sindelar, Frantisek"]
[Black "Trs, Jan"]
[Result "1/2-1/2"]
[WhiteElo "2077"]
[BlackElo "2162"]
[PlyCount "119"]
[EventDate "2009.??.??"]
[EventType "corr"]
[EventRounds "1"]
[SourceDate "2010.08.23"]

1. d4 Nf6 2. c4 e6 3. Nf3 b6 4. g3 Bb7 5. Bg2 Be7 6. Nc3 O-O 7. O-O Ne4 8. Qc2
Nxc3 9. Qxc3 c5 10. Be3 d6 11. Rad1 Qc7 12. d5 exd5 13. cxd5 Nd7 14. Bf4 Bf6
15. Qc2 Rfe8 16. Rfe1 g6 17. e4 b5 18. g4 Nb6 19. g5 Bg7 20. Nd2 Rad8 21. b4 c4
22. Nf3 c3 23. Bf1 Qd7 24. h3 a6 25. Be3 Na4 26. Bd4 h6 27. gxh6 Bxh6 28. Bf6
Bg7 29. Bxd8 Qxd8 30. Rd3 Qc7 31. Rde3 Bh6 32. R3e2 Rc8 33. Ra1 Bf4 34. Ree1
Qe7 35. Kh1 Qf6 36. Be2 Re8 37. Kg2 Bc8 38. Rh1 Bd7 39. Rag1 Bh6 40. Re1 Kg7
41. Bd3 Bf4 42. Reg1 Nb2 43. Be2 Rc8 44. a3 Nc4 45. Bxc4 Rxc4 46. Rd1 Kg8 47.
Rde1 Qg7 48. Re2 Qh6 49. Ree1 Qh5 50. Rd1 f5 51. Rd4 Rc8 52. e5 dxe5 53. Rxf4
exf4 54. Qe2 Re8 55. Qc2 Qh8 56. Rc1 Rc8 57. Qe2 Qf6 58. Qe5 Kg7 59. Qxf4 Rc4
60. Qb8 1/2-1/2

[Event "20PCR_F"]
[Site "?"]
[Date "2009.??.??"]
[Round "?"]
[White "Kyzlink, Vladimir"]
[Black "Chvojka, Jaroslav"]
[Result "0-1"]
[WhiteElo "2058"]
[BlackElo "2231"]
[PlyCount "60"]
[EventDate "2009.??.??"]
[EventType "corr"]
[EventRounds "1"]
[SourceDate "2010.08.23"]

1. e4 e5 2. Nf3 Nc6 3. Bb5 Bc5 4. c3 Nf6 5. d4 Bb6 6. dxe5 Nxe4 7. O-O d5 8.
exd6 O-O 9. Qa4 Nxd6 10. Bxc6 bxc6 11. Bg5 f6 12. Bf4 c5 13. Re1 Qd7 14. Qxd7
Bxd7 15. Nbd2 Rae8 16. Nb3 Nc4 17. Rad1 Rxe1+ 18. Nxe1 Ba4 19. Rb1 Rd8 20. h4
Be8 21. Na1 h6 22. Nec2 g5 23. hxg5 hxg5 24. Be3 Bg6 25. Rc1 Nxb2 26. Nb3 Rd1+
27. Ne1 c4 28. Nd4 Rxc1 29. Bxc1 Nd1 30. Be3 Nxc3 0-1

[Event "20PCR_F"]
[Site "?"]
[Date "2009.??.??"]
[Round "?"]
[White "Benes, Jiri"]
[Black "Slavik, Miroslav"]
[Result "1/2-1/2"]
[WhiteElo "2040"]
[BlackElo "2274"]
[PlyCount "126"]
[EventDate "2009.??.??"]
[EventType "corr"]
[EventRounds "1"]
[SourceDate "2010.08.23"]

1. e4 c6 2. d4 d5 3. e5 Bf5 4. Nc3 e6 5. Bd3 Bxd3 6. Qxd3 Nd7 7. Nge2 Rc8 8.
O-O c5 9. Be3 Ne7 10. f4 c4 11. Qd2 Nf5 12. g4 Nxe3 13. Qxe3 h5 14. gxh5 Rxh5
15. Ng3 Rh7 16. f5 Qh4 17. Rf2 Rc6 18. Raf1 g6 19. fxg6 fxg6 20. Nge2 g5 21.
Qg3 Rb6 22. Qf3 Be7 23. Nd1 Kd8 24. b3 Rc6 25. Ne3 Nb6 26. Qg3 Qh5 27. Rg2 Rf7
28. Rxf7 Qxf7 29. Rf2 Qh7 30. Qg4 cxb3 31. axb3 Kc8 32. Rf3 Kb8 33. Rh3 Qf7 34.
Kg2 Rc8 35. Qh5 Qg8 36. c3 a5 37. Ng4 Nd7 38. Rf3 Nf8 39. Nf6 Qg7 40. Kg3 Ka7
41. Rf1 Ka6 42. Kg4 Bxf6 43. exf6 Qd7 44. Qxg5 Qb5 45. Qd2 Qxb3 46. f7 Qc4 47.
h4 b6 48. h5 a4 49. h6 e5 50. Rh1 Nh7 51. Ng3 Rf8 52. Rf1 Ka7 53. Qf2 a3 54.
Kh5 Qc7 55. Ne2 e4 56. Qf5 a2 57. Kg6 Rh8 58. Qxd5 Qc8 59. Qxa2+ Kb8 60. Rg1
Nf8+ 61. Kg7 Qf5 62. Qb3 Kb7 63. Qc4 b5 1/2-1/2

[Event "20PCR_F"]
[Site "?"]
[Date "2009.??.??"]
[Round "?"]
[White "Goc, Pavel"]
[Black "Svoboda, Josef"]
[Result "1-0"]
[WhiteElo "2012"]
[BlackElo "1940"]
[PlyCount "55"]
[EventDate "2009.??.??"]
[EventType "corr"]
[EventRounds "1"]
[SourceDate "2010.08.23"]

1. d4 Nf6 2. Nf3 d5 3. e3 e6 4. Bd3 Be7 5. Nbd2 c5 6. c3 c4 7. Bc2 O-O 8. e4
dxe4 9. Nxe4 Nxe4 10. Bxe4 f5 11. Bc2 Nc6 12. Qe2 Qd5 13. O-O Bd6 14. Re1 Bd7
15. b3 b5 16. Rb1 Nd8 17. Ne5 Bxe5 18. Qxe5 a6 19. Qxd5 exd5 20. Ba3 Rf6 21.
Re5 Be6 22. bxc4 dxc4 23. Rbe1 Bd7 24. Re7 Re6 25. R1xe6 Bxe6 26. Re8+ Kf7 27.
Rf8+ Kg6 28. g4 1-0

[Event "20PCR_F"]
[Site "?"]
[Date "2009.??.??"]
[Round "?"]
[White "Slavik, Miroslav"]
[Black "Goc, Pavel"]
[Result "1/2-1/2"]
[WhiteElo "2274"]
[BlackElo "2012"]
[PlyCount "100"]
[EventDate "2009.??.??"]
[EventType "corr"]
[EventRounds "1"]
[SourceDate "2010.08.23"]

1. e4 e5 2. Nf3 Nc6 3. Bc4 Bc5 4. O-O Nf6 5. d3 d6 6. c3 O-O 7. b4 Bb6 8. a4 a5
9. b5 Ne7 10. Bg5 Ng6 11. Nbd2 h6 12. Be3 Bxe3 13. fxe3 c6 14. d4 Re8 15. Bd3
Bg4 16. Qe1 Rc8 17. Rb1 Bd7 18. Nc4 Be6 19. Ncd2 Re7 20. c4 c5 21. d5 Bd7 22.
Nh4 Nxh4 23. Qxh4 Re8 24. Qg3 Nh7 25. Rf3 Qg5 26. Qf2 Qh5 27. Rg3 Ng5 28. Rf1
Rf8 29. Qe1 b6 30. Be2 Qh4 31. Qd1 Nh7 32. Bg4 Bxg4 33. Rxg4 Qe7 34. Rg3 Nf6
35. Rf5 Kh7 36. Qf3 Rg8 37. Qe2 Rcf8 38. Qf3 Ne8 39. Qf1 g6 40. Rf2 f6 41. Rh3
Rh8 42. Nf3 g5 43. g4 Ng7 44. Rg3 Kg6 45. h4 Rf7 46. Rh3 Ne8 47. Qg2 Rfh7 48.
Qg3 Qd7 49. Kf1 Nc7 50. Ke2 Ne8 1/2-1/2

[Event "20PCR_F"]
[Site "?"]
[Date "2009.??.??"]
[Round "?"]
[White "Chvojka, Jaroslav"]
[Black "Benes, Jiri"]
[Result "1-0"]
[WhiteElo "2231"]
[BlackElo "2040"]
[PlyCount "85"]
[EventDate "2009.??.??"]
[EventType "corr"]
[EventRounds "1"]
[SourceDate "2010.08.23"]

1. d4 d5 2. c4 e6 3. Nf3 Nf6 4. Nc3 Nc6 5. e3 Bd6 6. c5 Be7 7. Bd3 O-O 8. a3 e5
9. dxe5 Ng4 10. Nxd5 Ncxe5 11. Nxe5 Nxe5 12. Bxh7+ Kxh7 13. Qh5+ Kg8 14. Qxe5
Bxc5 15. Bd2 Bd6 16. Qd4 c5 17. Qd3 Qh4 18. Nb6 axb6 19. Qxd6 Be6 20. Qg3 Qc4
21. h4 Rad8 22. Bc3 f6 23. f3 Qd3 24. Kf2 Rf7 25. h5 Qc2+ 26. Kg1 Rd1+ 27. Rxd1
Qxd1+ 28. Kh2 Qd5 29. h6 g5 30. e4 Qd8 31. f4 Kh7 32. f5 Bc8 33. Qg4 Qf8 34.
Kg1 Bd7 35. Rh5 Be8 36. e5 Rd7 37. Rh3 fxe5 38. Qxg5 Qe7 39. f6 Qe6 40. Rg3 e4
41. Bd2 b5 42. f7 Qxf7 43. Qe5 1-0

[Event "20PCR_F"]
[Site "?"]
[Date "2009.??.??"]
[Round "?"]
[White "Trs, Jan"]
[Black "Kyzlink, Vladimir"]
[Result "1-0"]
[WhiteElo "2162"]
[BlackElo "2058"]
[PlyCount "63"]
[EventDate "2009.??.??"]
[EventType "corr"]
[EventRounds "1"]
[SourceDate "2010.08.23"]

1. c4 e5 2. Nc3 Nf6 3. g3 g6 4. Bg2 Bg7 5. Nf3 d6 6. d4 exd4 7. Nxd4 O-O 8. O-O
Nbd7 9. h3 Re8 10. e4 Nc5 11. Re1 Ne6 12. Be3 Bd7 13. Qd3 Qc8 14. g4 Nc5 15.
Qc2 a6 16. Rad1 Rb8 17. b4 Ne6 18. f4 h5 19. e5 dxe5 20. fxe5 Nxd4 21. Bxd4 Nh7
22. gxh5 gxh5 23. Re3 Bf5 24. Be4 Bxe4 25. Qxe4 Kh8 26. Qf3 Rg8 27. Kh1 Qe6 28.
Qxh5 Qxc4 29. Ne4 Qc6 30. Qh4 Qd5 31. Rf3 Bxe5 32. Rxf7 1-0

[Event "20PCR_F"]
[Site "?"]
[Date "2009.??.??"]
[Round "?"]
[White "Fejfar, Vlastimil"]
[Black "Sindelar, Frantisek"]
[Result "0-1"]
[WhiteElo "2133"]
[BlackElo "2077"]
[PlyCount "84"]
[EventDate "2009.??.??"]
[EventType "corr"]
[EventRounds "1"]
[SourceDate "2010.08.23"]

1. e4 e6 2. d4 d5 3. e5 c5 4. c3 Nc6 5. Nf3 Nge7 6. Be2 cxd4 7. cxd4 Qb6 8. Nc3
Nf5 9. Na4 Qa5+ 10. Bd2 Bb4 11. Bc3 Bxc3+ 12. Nxc3 Qb6 13. Bb5 Bd7 14. Bxc6
Bxc6 15. Qd2 Qa6 16. b4 O-O 17. a4 Qc4 18. Ne2 Qb3 19. b5 Bd7 20. O-O Rac8 21.
Rfc1 a6 22. bxa6 bxa6 23. a5 Rxc1+ 24. Rxc1 Bb5 25. Nc3 Bc4 26. h4 Ne7 27. h5
h6 28. Ra1 Nc6 29. Ne1 Qb7 30. Na4 Rb8 31. Nf3 Qb4 32. Nc3 Qb2 33. Rb1 Qa3 34.
Rc1 Nxa5 35. Rc2 Nc6 36. Rc1 Rb3 37. g4 Nb4 38. Ne1 Rb2 39. Qf4 Na2 40. Nxa2
Rxa2 41. Kg2 Ra1 42. Rxa1 Qxa1 0-1

[Event "20PCR_F"]
[Site "?"]
[Date "2009.??.??"]
[Round "?"]
[White "Houdek, Vladimir"]
[Black "Ryska, Jiri"]
[Result "1/2-1/2"]
[WhiteElo "2131"]
[BlackElo "2104"]
[PlyCount "109"]
[EventDate "2009.??.??"]
[EventType "corr"]
[EventRounds "1"]
[SourceDate "2010.08.23"]

1. Nf3 d5 2. b3 Nf6 3. Bb2 Bg4 4. e3 Nbd7 5. Be2 e6 6. O-O Bd6 7. d3 O-O 8.
Nbd2 e5 9. Nd4 exd4 10. Bxg4 dxe3 11. fxe3 Bc5 12. d4 Nxg4 13. Qxg4 Bb6 14. Qg3
Nf6 15. Ba3 Re8 16. c4 c6 17. Bd6 dxc4 18. Nxc4 Ne4 19. Qf4 f6 20. Bb4 Bc7 21.
Qg4 a5 22. Be1 Qd5 23. Nd2 a4 24. bxa4 Rxa4 25. Nxe4 Qxe4 26. Qxe4 Rxe4 27. Rb1
b5 28. Rc1 Rxe3 29. Rxc6 Re7 30. Rc5 Bb6 31. Rxb5 Bxd4+ 32. Bf2 Re2 33. Bxd4
Rxd4 34. Rb3 Rxa2 35. Rg3 Kf7 36. Rb1 g5 37. Rf1 Kg7 38. Rgf3 Rdd2 39. Rg3 h5
40. h4 g4 41. Kh2 Kg6 42. Kh1 f5 43. Rb3 Rxg2 44. Rb6+ Kg7 45. Rxf5 Rh2+ 46.
Kg1 Rag2+ 47. Kf1 Rc2 48. Kg1 Rxh4 49. Rg5+ Kh7 50. Rgg6 Rh3 51. Rh6+ Kg7 52.
Rbg6+ Kf7 53. Rf6+ Ke8 54. Re6+ Kd7 55. Reg6 1/2-1/2

[Event "20PCR_F"]
[Site "?"]
[Date "2009.??.??"]
[Round "?"]
[White "Urban, Miroslav"]
[Black "Jurci, Peter"]
[Result "0-1"]
[WhiteElo "2122"]
[BlackElo "2119"]
[PlyCount "68"]
[EventDate "2009.??.??"]
[EventType "corr"]
[EventRounds "1"]
[SourceDate "2010.08.23"]

1. c4 Nf6 2. Nc3 g6 3. d4 Bg7 4. e4 d6 5. h3 O-O 6. Be3 e5 7. d5 Na6 8. Nf3 Nh5
9. Qd2 f5 10. exf5 gxf5 11. g3 Nf6 12. O-O-O Bd7 13. Kb1 Qe7 14. Rg1 Nc5 15.
Ng5 h6 16. Nf3 Nce4 17. Qc2 Nxc3+ 18. Qxc3 c5 19. Qc1 Kh7 20. Be2 Ng8 21. Nh4
b5 22. cxb5 Rab8 23. Bd2 Bxb5 24. Bxb5 Rxb5 25. Qc4 Qb7 26. b3 Ne7 27. g4 f4
28. Bc3 a5 29. Ka1 Kh8 30. Nf3 Rb8 31. g5 h5 32. g6 a4 33. Ng5 axb3 34. a3 b2+
0-1

[Event "20PCR_F"]
[Site "?"]
[Date "2009.??.??"]
[Round "?"]
[White "Ryska, Jiri"]
[Black "Urban, Miroslav"]
[Result "0-1"]
[WhiteElo "2104"]
[BlackElo "2122"]
[PlyCount "100"]
[EventDate "2009.??.??"]
[EventType "corr"]
[EventRounds "1"]
[SourceDate "2010.08.23"]

1. g3 d5 2. d4 Bf5 3. Nf3 Nf6 4. Bg2 e6 5. O-O Nbd7 6. Nbd2 h6 7. a4 Be7 8. c4
O-O 9. a5 c6 10. a6 b6 11. b3 Qc7 12. Bb2 Rac8 13. Rc1 Qb8 14. Ne1 Rfd8 15. Nc2
Bh7 16. Qe1 c5 17. cxd5 Nxd5 18. e4 Nc7 19. Qe2 b5 20. Ra1 cxd4 21. Nxd4 Qb6
22. Rfc1 Bc5 23. N2f3 Nb8 24. Rd1 Nbxa6 25. Nc2 Ne8 26. Rxd8 Rxd8 27. Bc3 Qb7
28. Nfe1 Nb8 29. e5 Qc7 30. Ba5 Bb6 31. Bxb6 axb6 32. f4 Qc5+ 33. Kf1 Nc7 34.
b4 Qc3 35. Ra3 Qb2 36. Ra7 Nba6 37. Be4 Bxe4 38. Qxe4 g6 39. Qc6 Rd2 40. Rxc7
Nxc7 41. Qxc7 Qb1 42. Qc8+ Kg7 43. Qc6 h5 44. Qe4 Rxh2 45. Qd3 Qc1 46. Qe4 Qd2
47. Qf3 h4 48. gxh4 Rxh4 49. Ne3 Qxb4 50. N1g2 Rh1+ 0-1

[Event "20PCR_F"]
[Site "?"]
[Date "2009.??.??"]
[Round "?"]
[White "Sindelar, Frantisek"]
[Black "Houdek, Vladimir"]
[Result "1/2-1/2"]
[WhiteElo "2077"]
[BlackElo "2131"]
[PlyCount "60"]
[EventDate "2009.??.??"]
[EventType "corr"]
[EventRounds "1"]
[SourceDate "2010.08.23"]

1. d4 d5 2. c4 dxc4 3. Nf3 Nf6 4. e3 e6 5. Bxc4 c5 6. O-O a6 7. Qe2 b5 8. Bb3
Bb7 9. Nc3 Nbd7 10. Rd1 Qb8 11. d5 c4 12. dxe6 fxe6 13. Bc2 Bd6 14. h3 O-O 15.
Nd4 Re8 16. e4 Qc7 17. Kh1 Bf8 18. Bg5 Rad8 19. Bh4 Ne5 20. f4 Ng6 21. Bxf6
gxf6 22. f5 exf5 23. Nxf5 Nf4 24. Qg4+ Kh8 25. Rxd8 Rxd8 26. Rd1 Nd3 27. Bxd3
Rxd3 28. Rf1 Qf7 29. a3 Rd2 30. Rd1 Rxd1+ 1/2-1/2

[Event "20PCR_F"]
[Site "?"]
[Date "2009.??.??"]
[Round "?"]
[White "Kyzlink, Vladimir"]
[Black "Fejfar, Vlastimil"]
[Result "0-1"]
[WhiteElo "2058"]
[BlackElo "2133"]
[PlyCount "60"]
[EventDate "2009.??.??"]
[EventType "corr"]
[EventRounds "1"]
[SourceDate "2010.08.23"]

1. e4 e5 2. Nf3 Nc6 3. Bb5 a6 4. Ba4 Nf6 5. O-O Be7 6. Re1 b5 7. Bb3 O-O 8. c3
d5 9. exd5 Nxd5 10. Nxe5 Nxe5 11. Rxe5 c6 12. d4 Bd6 13. Re1 Qh4 14. g3 Qh3 15.
Be3 Bg4 16. Qd3 f5 17. f4 g5 18. Qf1 Qh5 19. Nd2 Rae8 20. Qf2 h6 21. Nf1 Kh7
22. Bxd5 cxd5 23. a4 bxa4 24. Rxa4 gxf4 25. gxf4 Rg8 26. Ng3 Bf3 27. Rxa6 Rxg3+
28. Qxg3 Rg8 29. Bf2 Rxg3+ 30. Bxg3 Qh3 0-1

[Event "20PCR_F"]
[Site "?"]
[Date "2009.??.??"]
[Round "?"]
[White "Benes, Jiri"]
[Black "Trs, Jan"]
[Result "1-0"]
[WhiteElo "2040"]
[BlackElo "2162"]
[PlyCount "105"]
[EventDate "2009.??.??"]
[EventType "corr"]
[EventRounds "1"]
[SourceDate "2010.08.23"]

1. e4 c6 2. d4 d5 3. e5 Bf5 4. Nc3 e6 5. Bd3 Bxd3 6. Qxd3 a6 7. Nf3 c5 8. O-O
cxd4 9. Nxd4 Nc6 10. Nxc6 bxc6 11. Na4 Ne7 12. Be3 Nf5 13. Qc3 Qc7 14. Bb6 Qb7
15. Qa5 Be7 16. Nc5 Qc8 17. Rfe1 h5 18. b3 Kf8 19. h3 Rh6 20. Rad1 Rg6 21. g3
Kg8 22. c4 Kh7 23. Re2 Rb8 24. Rc2 Kg8 25. Nd3 Qb7 26. Bc5 Bd8 27. Qb4 Qa8 28.
Qe1 Rh6 29. Qe2 Qb7 30. Nf4 Bb6 31. Bxb6 Qxb6 32. cxd5 exd5 33. Qd3 Ne7 34. e6
Rf8 35. exf7+ Rxf7 36. h4 Qb5 37. Re1 Qxd3 38. Nxd3 Nf5 39. Re8+ Kh7 40. Kg2
Ra7 41. Nf4 Rd6 42. Nxh5 Rf7 43. Kf1 d4 44. Nf4 Nxh4 45. Rc5 Rf5 46. Rxf5 Nxf5
47. Ke2 Rh6 48. Re5 Nd6 49. a4 Kg8 50. Ra5 Ne4 51. Rxa6 g5 52. Nd3 Rd6 53. Rb6
1-0

[Event "20PCR_F"]
[Site "?"]
[Date "2009.??.??"]
[Round "?"]
[White "Goc, Pavel"]
[Black "Chvojka, Jaroslav"]
[Result "0-1"]
[WhiteElo "2012"]
[BlackElo "2231"]
[PlyCount "60"]
[EventDate "2009.??.??"]
[EventType "corr"]
[EventRounds "1"]
[SourceDate "2010.08.23"]

1. d4 Nf6 2. Nf3 d5 3. e3 g6 4. Bd3 Bg7 5. Nbd2 Nc6 6. c3 O-O 7. O-O e5 8. dxe5
Ng4 9. e4 Ngxe5 10. exd5 Nxd3 11. dxc6 bxc6 12. Qa4 Qd5 13. Rd1 Nc5 14. Qh4 Ba6
15. Ng5 h6 16. Nh3 Rfe8 17. Nf4 Qd6 18. Qg4 Rad8 19. c4 Bxc4 20. h4 Qd4 21. Qf3
g5 22. hxg5 hxg5 23. Qxc6 gxf4 24. Qxc7 Rd5 25. Qc6 Qxf2+ 26. Kxf2 Bd4+ 27. Kf3
Be2+ 28. Kxf4 Nd3+ 29. Kg3 Bf2+ 30. Kh2 Rh5# 0-1

[Event "20PCR_F"]
[Site "?"]
[Date "2009.??.??"]
[Round "?"]
[White "Svoboda, Josef"]
[Black "Slavik, Miroslav"]
[Result "0-1"]
[WhiteElo "1940"]
[BlackElo "2274"]
[PlyCount "56"]
[EventDate "2009.??.??"]
[EventType "corr"]
[EventRounds "1"]
[SourceDate "2010.08.23"]

1. e4 c6 2. d4 d5 3. Nc3 dxe4 4. Nxe4 Nd7 5. Bc4 Ngf6 6. Nxf6+ Nxf6 7. Nf3 Bf5
8. O-O e6 9. c3 Bd6 10. Re1 Qc7 11. Ne5 O-O 12. g3 c5 13. Bf4 cxd4 14. Qxd4
Rfd8 15. Bb3 b5 16. a4 Bc5 17. Nxf7 Rxd4 18. Bxc7 Rd2 19. Nd6 Bxd6 20. Bxd6
Rxd6 21. axb5 Kf8 22. f4 Rd2 23. Bxe6 Bxe6 24. Rxe6 Rxb2 25. c4 Rd8 26. Rc6 Ng4
27. h3 Nh2 28. Rca6 Rdd2 0-1